Statistics for Doctor Who Series 9 Episodes

Click here to take the quiz!

General Stats

  • This quiz has been taken 29 times
  • The average score is 9 of 12

Answer Stats

Hint Answer % Correct
Rigsy Returns, Trap Street, Clara's DeathFace the Raven
91%
The Veil, Azbantium Wall, 'Bird'Heaven Sent
87%
Return of Gallifrey, Rassilon, Clara Gets A TARDISHell Bent
87%
Vikings, Ashildr, The MireThe Girl Who Died
83%
Sam Swift, The Eyes of Hades, LeandroThe Woman Who Lived
83%
Osgood Box, Bonnie, Truth or ConsequencesThe Zygon Invasion
74%
Sleep Dust, Gagan Rassmussen, Skipped Title SequenceSleep No More
74%
The Fisher King, Prentis, Bootstrap ParadoxBefore the Flood
70%
Black Archive, Kate Stewart, Zygon Splinter GroupThe Zygon Inversion
70%
Return of Davros, Return of Missy, Confession DialThe Magician's Apprentice
61%
Ghosts, Flooded Town, Cass and LunnUnder the Lake
61%
Colony Sarff, 'Anyone for dodgems?', Sonic SunglassesThe Witch's Familiar
57%

Score Distribution

Percentile by Number Answered

Percent of People with Each Score

Your Score History

You have not taken this quiz